Detalles MARC
| 000 -CABECERA |
| campo de control de longitud fija |
01014nam a22003137a 4500 |
| 001 - NÚMERO DE CONTROL |
| campo de control |
0074 |
| 003 - IDENTIFICADOR DEL NÚMERO DE CONTROL |
| campo de control |
DO-SdBPM |
| 005 - FECHA Y HORA DE LA ÚLTIMA TRANSACCIÓN |
| campo de control |
20250808104338.0 |
| 007 - CAMPO FIJO DE DESCRIPCIÓN FÍSICA--INFORMACIÓN GENERAL |
| campo de control de longitud fija |
ta |
| 008 - DATOS DE LONGITUD FIJA--INFORMACIÓN GENERAL |
| campo de control de longitud fija |
151207b1993 sp | |||| 00| 0 spa d |
| 020 ## - NÚMERO INTERNACIONAL ESTÁNDAR DEL LIBRO |
| Número Internacional Estándar del Libro |
9788478382484 |
| 040 ## - FUENTE DE LA CATALOGACIÓN |
| Centro catalogador/agencia de origen |
DO-SdBPM |
| Lengua de catalogación |
spa |
| Centro/agencia transcriptor |
BPMSU |
| Normas de descripción |
rda |
| 082 #4 - NÚMERO DE LA CLASIFICACIÓN DECIMAL DEWEY |
| Número de clasificación |
839.736 |
| Número de documento/Ítem |
G868h 1993 |
| Número de edición |
22 |
| 100 1# - ENTRADA PRINCIPAL--NOMBRE DE PERSONA |
| Nombre de persona |
Gripe, María |
| Término indicativo de función/relación |
autor |
| 245 14 - MENCIÓN DE TÍTULO |
| Título |
Los hijos del vidriero / |
| Mención de responsabilidad, etc. |
María Gripe ; traducciónJulia D. Arnau ; ilustraciones Irene Bordoy |
| 264 ## - PRODUCCIÓN, PUBLICACIÓN, DISTRIBUCIÓN, FABRICACIÓN Y COPYRIGHT |
| Producción, publicación, distribución, fabricación y copyright |
Madrid : |
| Nombre del de productor, editor, distribuidor, fabricante |
Ediciones del Prado, |
| Fecha de producción, publicación, distribución, fabricación o copyright |
1993. |
| 300 ## - DESCRIPCIÓN FÍSICA |
| Extensión |
191 páginas : |
| Otras características físicas |
ilustración |
| Dimensiones |
20 cm. |
| 336 ## - TIPO DE CONTENIDO |
| Término de tipo de contenido |
texto |
| Código de tipo de contenido |
txt |
| Fuente |
rdacontent |
| 337 ## - TIPO DE MEDIO |
| Nombre/término del tipo de medio |
sin mediación |
| Código del tipo de medio |
n |
| Fuente |
rdamedia |
| 338 ## - TIPO DE SOPORTE |
| Nombre/término del tipo de soporte |
volumen |
| Código del tipo de soporte |
nc |
| Fuente |
rdacarrier |
| 440 0# - MENCIÓN DE SERIE/PUNTO DE ACCESO ADICIONAL--TÍTULO |
| Título |
El submarino naranja, |
| Designación de volumen o secuencia |
8 |
| 590 ## - NOTA LOCAL (RLIN) |
| Nota local |
Inventariado, 2025/VM |
| 650 #7 - PUNTO DE ACCESO ADICIONAL DE MATERIA--TÉRMINO DE MATERIA |
| Término de materia o nombre geográfico como elemento de entrada |
Cuentos infantiles suecos |
| 650 #7 - PUNTO DE ACCESO ADICIONAL DE MATERIA--TÉRMINO DE MATERIA |
| Término de materia o nombre geográfico como elemento de entrada |
Padres e hijos |
| Subdivisión de forma |
Cuentos. |
| 700 1# - PUNTO DE ACCESO ADICIONAL--NOMBRE DE PERSONA |
| Nombre de persona |
Arnau, Julia D. |
| Término indicativo de función/relación |
traductor |
| 700 1# - PUNTO DE ACCESO ADICIONAL--NOMBRE DE PERSONA |
| Nombre de persona |
Bordoy, Irene, |
| Término indicativo de función/relación |
ilustrador |
| 910 ## - DATOS DE OPCIÓN DEL USUARIO (OCLC) |
| Datos de opción del usuario |
VMateo V. Control de calidad. BPMSU |
| 942 ## - ELEMENTOS DE PUNTO DE ACCESO ADICIONAL (KOHA) |
| Fuente del sistema de clasificación o colocación |
Dewey Decimal Classification |
| Tipo de ítem Koha |
Libros |